|
|
|
|
| LEADER |
01980nam a22003017a 4500 |
| 001 |
34609 |
| 003 |
BD-DhAAL |
| 005 |
20250922153700.0 |
| 008 |
190429t2019 bg ||||| |||| 00| 0 ben d |
| 020 |
|
|
|a 9789849345107
|
| 040 |
|
|
|a BD-DhAAL
|c BD-DhAAL
|
| 041 |
|
|
|a ben
|
| 082 |
|
|
|a 891.4441
|2 23
|
| 100 |
|
|
|a আলাউদ্দিন, আজাদ.
|9 31439
|
| 245 |
|
|
|a কবিতার মূলসূত্র ও অন্যান্য প্রসঙ্গ /
|c আজাদ আলাউদ্দিন.
|
| 246 |
|
|
|a Kabitar mulsutra O annano prosanga
|
| 260 |
|
|
|a ঢাকা :
|b গতি প্রকাশনী,
|c ২০১৯.
|
| 300 |
|
|
|a ১৫১ পৃষ্ঠা ;
|c ২২ সে. মি.
|
| 541 |
|
|
|a গতি প্রকাশনী
|e 34609, 34610, 34611, 34612, 34613
|
| 650 |
|
|
|a Bengali essay.
|9 31440
|
| 852 |
|
|
|a Ayesha Abed Library
|c General Stacks
|
| 942 |
|
|
|2 ddc
|c BK
|
| 999 |
|
|
|c 40747
|d 40747
|
| 952 |
|
|
|0 0
|1 0
|2 ddc
|4 0
|6 891_444100000000000_AZA
|7 0
|9 65434
|a SCL
|b SCL
|c GEN
|d 2019-04-29
|e গতি প্রকাশনী
|g 225.00
|l 1
|o 891.4441 AZA
|p 3020034612
|r 2025-08-26
|s 2025-08-25
|t 4
|v 300.00
|w 2019-04-29
|y BK
|
| 952 |
|
|
|0 0
|1 0
|2 ddc
|4 0
|6 891_444100000000000_AZA
|7 0
|9 65435
|a SCL
|b SCL
|c GEN
|d 2019-04-29
|e গতি প্রকাশনী
|g 225.00
|l 2
|o 891.4441 AZA
|p 3020034613
|r 2025-02-16
|s 2025-02-09
|t 5
|v 300.00
|w 2019-04-29
|y BK
|
| 952 |
|
|
|0 0
|1 0
|2 ddc
|4 0
|6 891_444100000000000_AZA
|7 0
|9 65436
|a SCL
|b SCL
|c GEN
|d 2019-04-29
|e গতি প্রকাশনী
|g 225.00
|l 0
|o 891.4441 AZA
|p 3020034611
|r 2019-04-29
|t 3
|v 300.00
|w 2019-04-29
|y BK
|
| 952 |
|
|
|0 0
|1 0
|2 ddc
|4 0
|6 891_444100000000000_AZA
|7 0
|9 65437
|a BRACUL
|b BRACUL
|c GEN
|d 2019-04-29
|e গতি প্রকাশনী
|g 225.00
|l 0
|o 891.4441 AZA
|p 3010034610
|r 2019-04-29
|t 2
|v 300.00
|w 2019-04-29
|y BK
|
| 952 |
|
|
|0 0
|1 0
|2 ddc
|4 0
|6 891_444100000000000_AZA
|7 0
|9 65438
|a BRACUL
|b BRACUL
|c GEN
|d 2019-04-29
|e গতি প্রকাশনী
|g 225.00
|l 1
|o 891.4441 AZA
|p 3010034609
|r 2023-08-21
|s 2023-08-07
|t 1
|v 300.00
|w 2019-04-29
|y BK
|